[Event "FIDE Open"]
[Site "Voronezh"]
[Date "2017.06.18"]
[Round "7.15"]
[White "Bezgodova, Svetlana"]
[Black "Stepanyan, Eva"]
[Result "1-0"]
[WhiteElo "2038"]
[BlackElo "1856"]
[Annotator ""]
[Source ""]
[Remark ""]

1.e4 e5 2.Nf3 Nc6 3.Nc3 Nf6 4.d4 exd4 5.Nxd4 Bb4 6.Nxc6 bxc6
7.Bd3 d5 8.exd5 cxd5 9.O-O O-O 10.Bg5 c6 11.Na4 h6 12.Bh4 Bd6
13.c3 c5 14.Bc2 Bb7 15.Qd3 c4 16.Qd4 Bc6 17.Rad1 Re8 18.Rfe1
Re6 19.Nc5 Rxe1+ 20.Rxe1 Rb8 21.b4 Bf8 22.h3 Ra8 23.a4 a6 24.a5
Qd6 25.Re3 Nd7 26.Na4 g6 27.Bg3 Qf6 28.Qxf6 Nxf6 29.Nb6 Re8 30.Rxe8
Nxe8 31.Be5 Bg7 32.Bxg7 Nxg7 33.f3 Ne6 34.Kf2 Kf8 35.Ke3 Ke7
36.g3 Kd6 37.f4 Ng7 38.g4 f5 39.gxf5 gxf5 40.h4 Be8 41.Na4 Bd7
42.Nc5 Bc8 43.Ba4 Nh5 44.Be8 Ng7 45.Bf7 Ke7 46.Bxd5 Ne8 47.Bxc4
Nc7 48.Kd4 Kd6 49.Bd3 Nd5 50.Bxa6 1-0

[Event "FIDE Open"]
[Site "Voronezh"]
[Date "2017.06.18"]
[Round "7.16"]
[White "Nakonechny, Ignat"]
[Black "Napalkov, Vladimir"]
[Result "0-1"]
[WhiteElo "1893"]
[BlackElo "2031"]
[Annotator ""]
[Source ""]
[Remark ""]

1.e4 c6 2.d4 d5 3.Nc3 dxe4 4.Nxe4 Bf5 5.Ng3 Bg6 6.h4 h6 7.Nf3
e6 8.Ne5 Bh7 9.c3 Nf6 10.Bd3 Bxd3 11.Qxd3 Nbd7 12.Qe2 Be7 13.Bd2
O-O 14.O-O-O c5 15.dxc5 Nxe5 16.Qxe5 Qa5 17.Kb1 Qxc5 18.Qe2 Rfd8
19.Be3 Qc6 20.f3 a6 21.Bd4 Rd7 22.Rc1 Rad8 23.Nf1 b5 24.Rg1 Nd5
25.Qe4 f5 26.Qe1 Nf4 27.Ne3 Nd3 28.Qg3 Rxd4 29.cxd4 Nxc1 30.Rxc1
Qd6 31.Qg6 Bxh4 32.d5 Bf6 33.Re1 Qe5 34.Re2 Qd4 35.a3 Qd3+ 36.Rc2
Qxe3 37.dxe6 Rd1+ 38.Ka2 Qxe6+ 0-1

[Event "FIDE Open"]
[Site "Voronezh"]
[Date "2017.06.18"]
[Round "7.17"]
[White "Gerasko, Viacheslav"]
[Black "Ponomariov, Timur"]
[Result "0-1"]
[WhiteElo "1907"]
[BlackElo "2196"]
[Annotator ""]
[Source ""]
[Remark ""]

1.c4 e5 2.Nc3 Nf6 3.g3 Bb4 4.Bg2 O-O 5.e3 c6 6.Nge2 d5 7.Qb3
Bxc3 8.bxc3 Na6 9.Ba3 Re8 10.d4 e4 11.c5 Nc7 12.Nf4 g5 13.Ne2
Bg4 14.Ng1 Qd7 15.h3 Bf5 16.Rb1 Rab8 17.Ne2 Ne6 18.g4 Bg6 19.Ng3
h5 20.Qd1 Ng7 21.gxh5 Bxh5 22.Nxh5 Ngxh5 23.Kd2 Qf5 24.Ke1 Kh8
25.Bf1 Rg8 26.Be2 g4 27.hxg4 Nxg4 28.Bxg4 Rxg4 29.Qe2 Rbg8 30.Kd2
R8g5 31.Rh2 Kg7 32.Qf1 Qf3 33.Rb2 Nf4 34.Qd1 Qxd1+ 35.Kxd1 Nd3
36.Rxb7 Rg1+ 37.Kd2 Ra1 38.Kc2 Rgg1 39.Rxa7 Rxa2+ 40.Kb3 Rga1
41.Rg2+ Kf6 42.Ra6 Nc1+ 43.Kb4 Rb1+ 44.Ka4 Rb3 45.Rxc6+ Kf5 46.Ka5
Raxa3# 0-1

[Event "FIDE Open"]
[Site "Voronezh"]
[Date "2017.06.18"]
[Round "7.18"]
[White "Yashmetov, Nikolay"]
[Black "Sokolovsky, Victor"]
[Result "0-1"]
[WhiteElo "2127"]
[BlackElo "1896"]
[Annotator ""]
[Source ""]
[Remark ""]

1.Nf3 Nf6 2.b3 d5 3.Bb2 c5 4.g3 Nc6 5.Bg2 Bg4 6.d3 e6 7.O-O Bd6
8.Nbd2 Qc7 9.Qe1 h5 10.e4 d4 11.c3 e5 12.cxd4 cxd4 13.a3 Qd7
14.h4 Bh3 15.Nc4 Bxg2 16.Kxg2 Ng4 17.b4 b5 18.Nxd6+ Qxd6 19.Qd2
O-O 20.Qg5 g6 21.Nh2 Nxh2 22.Kxh2 f5 23.f3 Rf7 24.Kg2 Raf8 25.Rae1
Nd8 26.Bc1 Rg7 27.Qd2 f4 28.gxf4 exf4 29.Rh1 Ne6 30.Kf2 Qe5 31.Qa2
Rc8 32.Bxf4 Qf6 33.Bg5 Qf7 34.Rc1 Rf8 35.Qe2 Nxg5 36.hxg5 Qf4
37.Rc5 Rgf7 38.Rh3 Qg4 39.Rg3 Qf4 40.Kg2 h4 41.Rh3 a6 42.Qf2
Qg4+ 43.Kh2 Rxf3 44.Rxf3 Rxf3 45.Rc8+ Kf7 46.Qa2+ Ke7 47.Rc7+
Kd8 48.Qd5+ Kxc7 49.Qe5+ Kd8 50.Qxd4+ Ke7 51.Qe5+ Kf7 52.Qc7+
Kg8 53.Qd8+ Rf8 54.Qd5+ Kh7 55.Qb7+ Kh8 0-1

[Event "FIDE Open"]
[Site "Voronezh"]
[Date "2017.06.18"]
[Round "7.19"]
[White "Filippov, Ivan"]
[Black "Teryaeva, Valeria"]
[Result "0-1"]
[WhiteElo "2041"]
[BlackElo "1814"]
[Annotator ""]
[Source ""]
[Remark ""]

1.d4 f5 2.c4 Nf6 3.g3 g6 4.Bg2 Bg7 5.Nc3 O-O 6.Nf3 d6 7.O-O c6
8.d5 Na6 9.Nd4 cxd5 10.cxd5 Nc5 11.b4 Nce4 12.Nxe4 Nxe4 13.Be3
a5 14.Bxe4 fxe4 15.b5 Qe8 16.Rc1 Bh3 17.Re1 Qf7 18.Ne6 Bxe6 19.dxe6
Qxe6 20.Qa4 d5 21.f3 exf3 22.exf3 Rxf3 23.Bc5 Qh3 24.Re2 e5 25.Rd1
Rc8 26.Bb6 Rcc3 27.Qxa5 Ra3 28.Qe1 d4 29.Rg2 Qd7 30.Qb4 Qd5 31.Qe7
Rxa2 32.Rxa2 Qxa2 33.Qxb7 Qf2+ 34.Kh1 Qe2 35.Qd5+ Kh8 36.Rg1
Rf2 37.Rg2 Rf1+ 38.Rg1 h5 39.Qg2 Rf2 40.Qa8+ Kh7 41.Rg2 Rf1+
42.Rg1 e4 43.Qa3 Qf2 0-1

[Event "FIDE Open"]
[Site "Voronezh"]
[Date "2017.06.18"]
[Round "7.20"]
[White "Arbuzov, Mikhail"]
[Black "Filippov, Vladimir"]
[Result "1-0"]
[WhiteElo "2022"]
[BlackElo "1882"]
[Annotator ""]
[Source ""]
[Remark ""]

1.d4 d6 2.c4 Nf6 3.Nc3 Nbd7 4.e4 e5 5.d5 Be7 6.f3 a5 7.Nh3 Nc5
8.Nf2 c6 9.Be3 Nfd7 10.Qd2 O-O 11.Be2 Re8 12.Rd1 a4 13.O-O Bf8
14.g4 Qa5 15.Nh1 a3 16.b3 Na6 17.Ng3 g6 18.Kf2 Nb4 19.h4 Nc5
20.Rh1 Nxa2 21.Nxa2 Nxb3 22.Qxa5 Rxa5 23.Rb1 Nd4 24.Bd3 Ra7 25.Ne2
c5 26.Nxd4 exd4 27.Bd2 Bd7 28.Rb6 Rea8 29.Bf4 Be7 30.Bxd6 Bd8
31.Rb3 b6 32.Kg3 Rc8 33.Rc1 Ra5 34.Bf4 Ra6 35.e5 Ra5 36.Bg5 Ra6
37.Bxd8 Rxd8 38.Rcb1 Rb8 39.f4 Kg7 40.f5 Bc8 41.e6 Kf8 42.Rb5
Ke7 43.Rxc5 fxe6 44.fxe6 Bb7 45.Rc7+ 1-0

[Event "FIDE Open"]
[Site "Voronezh"]
[Date "2017.06.18"]
[Round "7.21"]
[White "Kholodov, Vladimir"]
[Black "Egorov, Alexey"]
[Result "0-1"]
[WhiteElo "1986"]
[BlackElo "1794"]
[Annotator ""]
[Source ""]
[Remark ""]

1.e4 c6 2.d4 d5 3.exd5 cxd5 4.Nf3 Nc6 5.c4 Nf6 6.Nc3 Bg4 7.cxd5
Nxd5 8.Bb5 Rc8 9.h3 Bxf3 10.Qxf3 e6 11.O-O Bb4 12.a3 Ba5 13.Qg4
O-O 14.Nxd5 exd5 15.Bg5 Qd6 16.Rad1 Bc7 17.g3 Qg6 18.Bxc6 bxc6
19.Be7 Qxg4 20.hxg4 Rfe8 21.Bc5 Bb6 22.Rc1 Re6 23.Rc2 f6 24.Rfc1
Kf7 25.Kg2 Ke8 26.Kf3 Kd7 27.b4 Rb8 28.Bxb6 Rxb6 29.Rc5 a6 30.Rh1
h6 31.Rd1 Re4 32.Rd3 Rb5 33.Rc2 a5 34.bxa5 Rxa5 35.Re2 Rxe2 36.Kxe2
Kc7 37.Kd2 Ra4 38.f3 g6 39.Kc2 Rc4+ 40.Kb2 Kb6 41.Rb3+ Ka5 42.Re3
Rxd4 43.Re6 c5 44.Rxf6 Rd3 45.f4 c4 46.Rxg6 d4 47.Rxh6 c3+ 48.Kc1
Rxg3 49.g5 d3 50.Rh1 Ka4 51.Rf1 Kb3 52.f5 d2+ 53.Kd1 Rg2 0-1

[Event "FIDE Open"]
[Site "Voronezh"]
[Date "2017.06.18"]
[Round "7.22"]
[White "Asefi, Zaheeruddeen"]
[Black "Vasiljev, Ilya"]
[Result "1/2-1/2"]
[WhiteElo "1960"]
[BlackElo "1644"]
[Annotator ""]
[Source ""]
[Remark ""]

1.d4 e6 2.c4 Nf6 3.Nf3 b6 4.Bg5 Be7 5.Nc3 Bb7 6.Qc2 d5 7.e3 O-O
8.Bd3 Nbd7 9.cxd5 exd5 10.O-O Ne4 11.Bf4 Ndf6 12.Bxc7 Qxc7 13.Nxe4
Qxc2 14.Nxf6+ Bxf6 15.Bxc2 g6 16.Bb3 Rac8 17.Rfc1 Rfd8 18.Ne1
Be7 19.Nd3 Bd6 20.g3 Bf8 21.Kg2 g5 22.Ne5 Kg7 23.Bc2 h6 24.Kf3
Bb4 25.Nd3 Bd2 26.Bb3 Bxc1 27.Nxc1 Ba6 28.Bd1 Rc7 29.Ne2 Bxe2+
30.Kxe2 f5 31.Kd2 Kf6 32.f3 Re8 33.Ba4 b5 34.Bc2 Rf8 35.Bd3 Ke6
36.Ke2 Rfc8 37.Kd2 b4 38.b3 h5 39.Rf1 Rf8 40.Rg1 a5 41.Be2 Rfc8
42.Bd3 Rf8 43.Ke2 Rfc8 44.Kd2 1/2-1/2

[Event "FIDE Open"]
[Site "Voronezh"]
[Date "2017.06.18"]
[Round "7.23"]
[White "Perch, Sofya"]
[Black "Matveenko, Yury"]
[Result "1/2-1/2"]
[WhiteElo "1874"]
[BlackElo "1928"]
[Annotator ""]
[Source ""]
[Remark ""]

1.d4 d5 2.c4 e6 3.Nc3 Nf6 4.e3 c5 5.Nf3 Nc6 6.Bd3 Be7 7.O-O O-O
8.a3 a6 9.cxd5 Nxd5 10.Nxd5 exd5 11.dxc5 Bg4 12.b4 a5 13.Bb2
Bf6 14.Bxf6 Qxf6 15.Rb1 Qc3 16.Rb3 Bxf3 17.gxf3 Qf6 18.f4 axb4
19.axb4 d4 20.Kh1 g6 21.Qg4 dxe3 22.fxe3 Rfd8 23.Bc4 Ra1 24.Rbb1
Rxb1 25.Rxb1 Qc3 26.f5 Ne5 27.Qh4 Rd2 28.fxg6 hxg6 29.Bxf7+ Nxf7
30.Qf4 Qd3 31.Rf1 Qd7 32.e4 Rd4 33.Qf6 g5 34.Qg6+ Kf8 35.Qh6+
Ke8 36.Qg7 Kd8 37.Qxf7 Rxe4 38.Qxd7+ Kxd7 39.b5 Re5 40.Rf7+ Kc8
41.Rf8+ Kd7 1/2-1/2

[Event "FIDE Open"]
[Site "Voronezh"]
[Date "2017.06.18"]
[Round "7.24"]
[White "Moshkin, Mikhail"]
[Black "Zaitseva, Lyudmila"]
[Result "0-1"]
[WhiteElo "1671"]
[BlackElo "1922"]
[Annotator ""]
[Source ""]
[Remark ""]

1.e4 e6 2.d4 d5 3.e5 c5 4.c3 Nc6 5.Nf3 Qb6 6.a3 Bd7 7.b4 cxd4
8.cxd4 Rc8 9.Be3 Nh6 10.Bd3 Ng4 11.O-O Be7 12.Qd2 O-O 13.Nc3
Nxe3 14.fxe3 g6 15.Na4 Qd8 16.Nc5 b6 17.Nxd7 Qxd7 18.Qf2 f5 19.Qg3
a5 20.b5 Nd8 21.a4 Rc3 22.Rfd1 Nf7 23.h4 Rfc8 24.h5 g5 25.Qf2
g4 26.Ne1 Nh6 27.Be2 Bg5 28.Nd3 Qf7 29.Nf4 Bxf4 30.Qxf4 Qxh5
31.Ra2 Nf7 32.Bd3 Qg5 33.Qf2 g3 34.Qe2 Qh4 35.Qd2 Qh2+ 36.Kf1
Qh1+ 37.Ke2 Qxg2+ 38.Ke1 Qg1+ 39.Bf1 Rxe3+ 0-1

[Event "FIDE Open"]
[Site "Voronezh"]
[Date "2017.06.18"]
[Round "7.25"]
[White "Chervonenkis, Boris"]
[Black "Buyukli, Egor"]
[Result "1/2-1/2"]
[WhiteElo "1918"]
[BlackElo "1749"]
[Annotator ""]
[Source ""]
[Remark ""]

1.e4 e6 2.d4 d5 3.Nd2 dxe4 4.Nxe4 Nd7 5.Nf3 Ngf6 6.Bd3 Be7 7.Qe2
b6 8.Nxf6+ Nxf6 9.Bb5+ Bd7 10.Ne5 O-O 11.Bxd7 Nxd7 12.Nc6 Qe8
13.Nxe7+ Qxe7 14.O-O Rfd8 15.c3 c5 16.dxc5 Nxc5 17.Be3 Rd7 18.Bd4
Rad8 19.f4 f5 20.Rad1 Ne4 21.Rd3 Nc5 22.Rdd1 Ne4 23.Rd3 Nc5 24.Rdd1
Ne4 25.Rd3 Nc5 26.Rdd1 Ne4 1/2-1/2

[Event "FIDE Open"]
[Site "Voronezh"]
[Date "2017.06.18"]
[Round "7.26"]
[White "Kocharyan, Hayk"]
[Black "Piskov, Vladimir A."]
[Result "0-1"]
[WhiteElo "1604"]
[BlackElo "1909"]
[Annotator ""]
[Source ""]
[Remark ""]

1.c4 e6 2.Nc3 d5 3.d4 c5 4.Nf3 Nc6 5.e3 Nf6 6.Be2 cxd4 7.Nxd4
Bb4 8.O-O O-O 9.a3 Bxc3 10.bxc3 Bd7 11.a4 a6 12.Ba3 Re8 13.Nb3
Ne5 14.Nc5 Bc6 15.cxd5 Bxd5 16.Qc2 Nc4 17.Bxc4 Bxc4 18.Rfd1 Qc7
19.Ne4 Nd5 20.Rab1 b5 21.Nc5 Rec8 22.g3 Qe5 23.Rbc1 Ra7 24.e4
Nf6 25.f4 Qh5 26.Qd2 h6 27.Qd4 Qf3 28.Rd2 Kh7 29.Rf2 Qh5 30.f5
Ng4 31.Rd2 exf5 32.exf5 Qxf5 33.Ne6 Bxe6 34.Qxa7 Ne5 35.Rf2 Qe4
36.Rf4 Qe2 37.Qf2 Qxf2+ 38.Rxf2 Nd3 39.Rcc2 Nxf2 40.Kxf2 Bb3
41.Rb2 Rxc3 42.axb5 axb5 43.Bb4 Rd3 44.Rd2 Rxd2+ 45.Bxd2 Kg6
46.h4 h5 47.Kf3 Kf5 48.Bc3 f6 49.Bb4 Bd1+ 50.Ke3 g5 51.Be7 Ke6
52.Bd8 gxh4 53.gxh4 f5 54.Bc7 Kd5 55.Kd3 Bf3 56.Bd8 b4 57.Bf6
Be4+ 58.Ke3 Kc4 59.Kf4 Kd3 60.Kg5 Ke3 61.Bb2 Kd2 62.Kxh5 f4 63.Kg4
f3 64.Kg3 Ke2 65.Bd4 b3 0-1

[Event "FIDE Open"]
[Site "Voronezh"]
[Date "2017.06.18"]
[Round "7.27"]
[White "Ivlev, Aleksandr"]
[Black "Puchko, Nikolay"]
[Result "0-1"]
[WhiteElo "1717"]
[BlackElo "2154"]
[Annotator ""]
[Source ""]
[Remark ""]

1.d4 Nf6 2.Nf3 g6 3.g3 Bg7 4.Bg2 O-O 5.O-O d5 6.b3 c5 7.e3 Nc6
8.Bb2 Ne4 9.Nbd2 Bg4 10.h3 Nxd2 11.Qxd2 Bxf3 12.Bxf3 e6 13.Rfd1
b5 14.c3 Qb6 15.Rac1 Rfc8 16.Ba3 b4 17.dxc5 bxc3 18.cxb6 cxd2
19.b7 dxc1Q 20.Rxc1 Rab8 21.bxc8Q+ Rxc8 22.Be2 Bf8 23.Bxf8 Kxf8
24.Bb5 Ne7 25.Rxc8+ Nxc8 26.Kf1 Ke7 27.Ke2 Nd6 28.Bd3 e5 29.Kd2
Kd7 30.Kc3 Kc6 31.b4 f5 32.a4 h6 33.h4 Ne4+ 34.Bxe4 fxe4 35.g4
Kd6 36.h5 g5 37.Kb3 Kc6 38.Kc3 Kb6 39.Kb3 Kc6 40.Kc2 Kd6 41.Kb3
d4 42.exd4 exd4 43.Kc4 d3 44.Kc3 Kd5 45.f3 exf3 46.Kxd3 f2 47.Ke2
Kc4 48.Kxf2 Kxb4 49.Ke3 Kxa4 50.Ke4 Kb4 51.Kf5 a5 52.Kg6 a4 53.Kxh6
a3 54.Kg7 a2 55.h6 a1Q+ 0-1

[Event "FIDE Open"]
[Site "Voronezh"]
[Date "2017.06.18"]
[Round "7.28"]
[White "Gitelson, Arkady"]
[Black "Ternovskiy, Alexey"]
[Result "1-0"]
[WhiteElo "2120"]
[BlackElo "1707"]
[Annotator ""]
[Source ""]
[Remark ""]

1.e4 e5 2.Nc3 Nf6 3.g3 d5 4.exd5 Nxd5 5.Bg2 Nxc3 6.bxc3 Bc5 7.d3
O-O 8.Nf3 Nc6 9.O-O Qd6 10.Qe2 Re8 11.Ng5 Bf5 12.Ne4 Qe7 13.Nxc5
Qxc5 14.Bd2 Rad8 15.Rab1 b6 16.Rfe1 f6 17.Be3 Qd6 18.Qh5 Ne7
19.Qh4 c5 20.Qa4 Rd7 21.f4 Nd5 22.Bd2 Rde7 23.c4 Nc7 24.Qxa7
exf4 25.Rxe7 Rxe7 26.Qb8+ Re8 27.Bd5+ 1-0

[Event "FIDE Open"]
[Site "Voronezh"]
[Date "2017.06.18"]
[Round "7.29"]
[White "Bitkinin, Lenar"]
[Black "Elkina, Yuliya"]
[Result "1-0"]
[WhiteElo "2094"]
[BlackElo "1591"]
[Annotator ""]
[Source ""]
[Remark ""]

1.d4 f5 2.Nf3 e6 3.c4 Nf6 4.g3 b6 5.Bg2 Bb7 6.O-O Be7 7.Nc3 O-O
8.d5 exd5 9.cxd5 Na6 10.Nd4 Ne8 11.Qc2 Nd6 12.Bf4 g6 13.a3 Rf7
14.b4 Qf8 15.Qd3 Bf6 16.Rad1 Re8 17.Ndb5 Bxc3 18.Nxc3 Qe7 19.Bc1
Ne4 20.Bb2 d6 21.Nxe4 fxe4 22.Qd4 Rg7 23.Qxg7+ Qxg7 24.Bxg7 Kxg7
25.Rd4 c5 26.dxc6 Bxc6 27.Rxd6 Bb5 28.Rc1 e3 29.Bf3 Kh6 30.Rc3
exf2+ 31.Kxf2 Re7 32.h4 Nc7 33.g4 Kg7 34.g5 Kf7 35.Rf6+ Kg7 36.Re3
Rxe3 37.Kxe3 Bd7 38.Bc6 Be8 39.Bxe8 Nd5+ 40.Ke4 Nxf6+ 41.gxf6+
Kxf6 42.Kf4 1-0

[Event "FIDE Open"]
[Site "Voronezh"]
[Date "2017.06.18"]
[Round "7.30"]
[White "Gerasimov, Vadim"]
[Black "Smiyan, Vladimir"]
[Result "1/2-1/2"]
[WhiteElo "1713"]
[BlackElo "1983"]
[Annotator ""]
[Source ""]
[Remark ""]

1.e4 e5 2.Nf3 Nf6 3.Nxe5 d6 4.Nf3 Nxe4 5.c4 Be7 6.Nc3 Nf6 7.d4
O-O 8.Bd3 Nc6 9.h3 d5 10.a3 dxc4 11.Bxc4 a6 12.O-O Qd6 13.b4
Bf5 14.Be3 Rad8 15.Qe2 Rfe8 16.Qa2 Rf8 17.Rfd1 Ne4 18.Nd5 Bf6
19.Bf4 Qd7 20.Bxc7 Rc8 21.Bf4 Bd8 22.Ne3 Nc3 23.Qb3 Nxd1 24.Rxd1
Be4 25.d5 Nb8 26.Ne5 Qe8 27.d6 Nd7 28.N3g4 Bf5 29.Nxd7 Bxd7 30.Ne5
Bf6 31.Re1 Bxe5 32.Rxe5 Qd8 33.Re7 Kh8 34.Bxf7 Be8 35.Be5 Bxf7
36.Rxf7 Rxf7 37.Qxf7 Qg8 38.Qxb7 h6 39.Qe7 Re8 40.Bxg7+ Kh7 41.Qd7
Rd8 42.Qc7 Rc8 1/2-1/2

[Event "FIDE Open"]
[Site "Voronezh"]
[Date "2017.06.18"]
[Round "7.31"]
[White "Pikalova, Sofya"]
[Black "Natarov, Ilya"]
[Result "0-1"]
[WhiteElo "1792"]
[BlackElo "1881"]
[Annotator ""]
[Source ""]
[Remark ""]

1.e4 Nf6 2.e5 Nd5 3.d4 d6 4.c4 Nb6 5.exd6 cxd6 6.Nc3 g6 7.h3
Bg7 8.Nf3 O-O 9.Be2 Nc6 10.O-O Bf5 11.Be3 d5 12.c5 Nc4 13.b3
Nxe3 14.fxe3 Re8 15.a3 Bh6 16.Qd2 e5 17.dxe5 d4 18.Nxd4 Rxe5
19.Rf3 Nxd4 20.Qxd4 Bxe3+ 21.Qxe3 Rxe3 22.Rxe3 Qd4 23.Kf2 Re8
24.Nd5 Rxe3 25.Nxe3 Qxa1 0-1

[Event "FIDE Open"]
[Site "Voronezh"]
[Date "2017.06.18"]
[Round "7.32"]
[White "Belov, Aleksei"]
[Black "Presnyakov, Kirill"]
[Result "0-1"]
[WhiteElo "1625"]
[BlackElo "1876"]
[Annotator ""]
[Source ""]
[Remark ""]

1.e4 e6 2.d4 d5 3.e5 c5 4.c3 Qb6 5.Nf3 Nc6 6.a3 cxd4 7.cxd4 Bd7
8.b4 Nge7 9.Nc3 Nf5 10.Na4 Qd8 11.Bb2 Nh4 12.Nxh4 Qxh4 13.Be2
Qd8 14.O-O Be7 15.Nc5 Bxc5 16.bxc5 O-O 17.Qc2 b6 18.Rfd1 bxc5
19.Qxc5 Qb6 20.Qxb6 axb6 21.a4 Na5 22.Ba3 Rfc8 23.Rdb1 Nc4 24.Rb4
Rxa4 25.Rxa4 Bxa4 26.Bb4 b5 27.Kf1 h6 28.Bd3 g5 29.Ke1 Nb2 30.Ke2
Bc2 31.Bxc2 Rxc2+ 32.Ke3 Nc4+ 33.Kf3 Rb2 34.Bc5 Kg7 35.g3 Nd2+
36.Ke3 Ne4 37.f3 Nxc5 38.dxc5 Rc2 39.Rb1 Rxc5 40.Kd4 Rc4+ 41.Kd3
b4 42.Rb2 h5 43.Ke3 Kg6 44.Rf2 b3 45.h3 Rc2 46.Rxc2 bxc2 47.Kd2
Kf5 0-1

[Event "FIDE Open"]
[Site "Voronezh"]
[Date "2017.06.18"]
[Round "7.33"]
[White "Malozemova, Darya"]
[Black "Ter-Saakian, Grigorii"]
[Result "0-1"]
[WhiteElo "1680"]
[BlackElo "1844"]
[Annotator ""]
[Source ""]
[Remark ""]

1.d4 Nf6 2.Bf4 d5 3.Nf3 c5 4.e3 Nc6 5.c3 Qb6 6.Qc2 Bg4 7.Nbd2
e6 8.Bd3 Be7 9.h3 Bh5 10.Ne5 c4 11.Bf1 O-O 12.Ndf3 Nxe5 13.Nxe5
Bd6 14.Be2 Bxe5 15.dxe5 Bg6 16.Qc1 Ne4 17.O-O Qc7 18.Qd1 b5 19.Qd4
a5 20.h4 h6 21.g4 Nc5 22.Rad1 a4 23.h5 Bd3 24.Bxd3 Nxd3 25.g5
hxg5 26.Bxg5 Qxe5 27.Qh4 f6 28.Bf4 Qf5 29.Kh2 Kf7 30.Rg1 Nxf4
31.Qxf4 Qxf4+ 32.exf4 Rh8 33.Kg3 Rxh5 34.Kf3 Rah8 35.Ke3 Rh3+
36.Kd4 Rc8 37.Rh1 Rf3 38.Rh7 Kg6 39.Rh4 Rxf2 40.Rg1+ Kf7 41.Rhg4
Rxf4+ 42.Rxf4 e5+ 43.Kxd5 exf4 44.Ke4 g5 45.Rd1 Re8+ 0-1

[Event "FIDE Open"]
[Site "Voronezh"]
[Date "2017.06.18"]
[Round "7.34"]
[White "Maraktanov, Andrey"]
[Black "Neklyudov, Taras"]
[Result "1-0"]
[WhiteElo "1821"]
[BlackElo "1550"]
[Annotator ""]
[Source ""]
[Remark ""]

1.Nf3 f5 2.d4 Nf6 3.Bf4 e6 4.e3 Be7 5.Bd3 O-O 6.h3 d6 7.c4 Ne4
8.Nc3 Nxc3 9.bxc3 Bf6 10.O-O Qe7 11.Bh2 e5 12.Nd2 e4 13.Be2 g5
14.Qb3 c5 15.Rab1 Kh8 16.Qb5 b6 17.Rfd1 Bd7 18.Qb3 Bg7 19.Nf1
f4 20.Bh5 Be8 21.Bxe8 Qxe8 22.Qc2 Nd7 23.Nd2 cxd4 24.cxd4 d5
25.cxd5 fxe3 26.fxe3 Nf6 27.Qc6 Qf7 28.Rf1 Rac8 29.Qe6 Qxe6 30.dxe6
Rfe8 31.Be5 Nd5 32.Bxg7+ Kxg7 33.Nxe4 Rxe6 34.Nxg5 Rxe3 35.Rb5
Rd8 36.Nf7 Rd7 37.Ne5 Nc3 38.Rb4 Rc7 39.Ng4 Rd3 40.Nf6 Re7 41.d5
Ne2+ 42.Kh2 Rd4 43.d6 Re6 44.d7 Red6 45.Ne8+ Kg6 46.Rf6+ Rxf6
47.Rxd4 Rf1 48.d8Q 1-0

[Event "FIDE Open"]
[Site "Voronezh"]
[Date "2017.06.18"]
[Round "7.35"]
[White "Rudakov, Sergey S."]
[Black "Vlasova, Zlata"]
[Result "1/2-1/2"]
[WhiteElo "1575"]
[BlackElo "1819"]
[Annotator ""]
[Source ""]
[Remark ""]

1.d4 Nf6 2.c4 g6 3.Nc3 Bg7 4.e4 d6 5.f4 O-O 6.Nf3 c5 7.d5 e6
8.Bd3 exd5 9.cxd5 Re8 10.O-O c4 11.Bc2 b5 12.e5 dxe5 13.fxe5
Ng4 14.Bf4 Nxe5 15.Bxe5 Bxe5 16.Nxe5 Rxe5 17.Qf3 Bf5 18.Bxf5
Rxf5 19.Qe4 Rxf1+ 20.Rxf1 Nd7 21.Kh1 a6 22.Qf3 Qf8 23.d6 Ne5
24.Qd5 Nd3 25.Ne4 Rd8 26.Nf6+ Kh8 27.d7 Qe7 28.Qd4 Qe5 29.Qb6
Qb8 30.Qe3 Kg7 31.Qg5 h6 32.Nh5+ Kg8 33.Qf6 gxh5 34.Qxf7+ Kh8
35.Rf6 Nf2+ 36.Rxf2 Qe5 37.g3 Qe1+ 38.Kg2 Qe4+ 39.Rf3 Qc6 40.Qxh5
Rxd7 41.Qe5+ Kh7 42.Qf5+ Kh8 43.Qf8+ Kh7 44.Qf5+ Kh8 1/2-1/2

[Event "FIDE Open"]
[Site "Voronezh"]
[Date "2017.06.18"]
[Round "7.36"]
[White "Kuritsina, Zlata"]
[Black "Stepanischev, Gregory"]
[Result "1/2-1/2"]
[WhiteElo "1538"]
[BlackElo "1799"]
[Annotator ""]
[Source ""]
[Remark ""]

1.e4 c6 2.Nf3 d5 3.exd5 cxd5 4.d4 Nf6 5.Bd3 Bg4 6.Bf4 Nc6 7.c3
e6 8.Nbd2 Bd6 9.Bxd6 Qxd6 10.h3 Bh5 11.Qb3 Rb8 12.Qc2 a6 13.O-O
Bg6 14.Rfe1 Bxd3 15.Qxd3 O-O 16.Ne5 b5 17.Nxc6 Qxc6 18.a3 a5
19.Rac1 Qb6 20.Nb3 Ne4 21.f3 Nd6 22.Kh1 Qa7 23.Nc5 b4 24.axb4
axb4 25.Ra1 Qe7 26.Na6 Rb6 27.Nxb4 Nc4 28.Nxd5 Qg5 29.Nxb6 Nxb6
30.Qe3 Qg6 31.Qe4 Qh6 32.Qc6 Nd5 33.Qd6 Qd2 34.Rab1 h6 35.Qe5
Nf4 36.Rg1 Nd3 37.Qg3 Rd8 38.Kh2 Rd5 39.Rbd1 Qc2 40.Rxd3 Qxd3
41.Qf4 Rb5 42.Qe4 Qxe4 43.fxe4 Rxb2 44.Rc1 Re2 45.e5 Rd2 46.Kg3
Kf8 47.Kf3 h5 48.h4 Ke7 49.g3 Rd3+ 1/2-1/2

[Event "FIDE Open"]
[Site "Voronezh"]
[Date "2017.06.18"]
[Round "7.37"]
[White "Gulko, Oleg"]
[Black "Koptev, Ruslan"]
[Result "1-0"]
[WhiteElo "1956"]
[BlackElo "1720"]
[Annotator ""]
[Source ""]
[Remark ""]

1.d4 d5 2.c4 e6 3.Nc3 Nf6 4.Bf4 c6 5.e3 Nbd7 6.Nf3 Be7 7.h3 O-O
8.Bd3 dxc4 9.Bxc4 Nb6 10.Bb3 Nbd5 11.Bh2 Qa5 12.Rc1 Ne4 13.Bxd5
exd5 14.Qb3 Qb4 15.Qxb4 Bxb4 16.O-O f6 17.Rfd1 Be6 18.Na4 Rac8
19.Nc5 Bxc5 20.dxc5 b6 21.Nd4 Bd7 22.b4 b5 23.h4 f5 24.f3 Nf6
25.a4 a6 26.axb5 axb5 27.Ra1 Ra8 28.Bd6 Rfe8 29.Kf2 g6 30.Nb3
Kf7 31.Rdb1 Nh5 32.g3 Ng7 33.Nc1 Rec8 34.Nd3 Ke6 35.Ra5 Ne8 36.Bf4
Nf6 37.Rba1 Rxa5 38.bxa5 d4 39.exd4 Kd5 40.Be5 Kc4 41.Ke2 Nd5
42.Kd2 b4 43.a6 Ra8 44.a7 Nc3 45.Bb8 Kxd4 46.Nxb4 Nb5 47.Nd3
Be6 48.Ra4+ Bc4 49.Nb2 Kxc5 50.Nxc4 1-0

[Event "FIDE Open"]
[Site "Voronezh"]
[Date "2017.06.18"]
[Round "7.38"]
[White "Koshelev, Vladimir"]
[Black "Bukatin, Arseny"]
[Result "0-1"]
[WhiteElo "1725"]
[BlackElo "1883"]
[Annotator ""]
[Source ""]
[Remark ""]

1.Nf3 d5 2.e3 Nf6 3.b3 e6 4.Bb2 Be7 5.Nc3 O-O 6.Ne2 Nbd7 7.Ng3
b6 8.d4 Bb7 9.Bd3 c5 10.O-O Rc8 11.c4 Qc7 12.Rc1 Qb8 13.Ne5 Nxe5
14.dxe5 Nd7 15.f4 Rfd8 16.Qg4 g6 17.h4 Nf8 18.Rf2 dxc4 19.Bxc4
b5 20.Bf1 c4 21.Bd4 cxb3 22.Rxc8 Qxc8 23.axb3 Kh8 24.h5 Bc5 25.Rc2
Rxd4 26.Rxc5 Qxc5 27.exd4 Qxd4+ 28.Kh2 h6 29.hxg6 Nxg6 30.Nh5
a6 31.Qg3 Qd1 0-1

[Event "FIDE Open"]
[Site "Voronezh"]
[Date "2017.06.18"]
[Round "7.39"]
[White "Strukov, Dmitry"]
[Black "Zisin, Oleg"]
[Result "1/2-1/2"]
[WhiteElo "1708"]
[BlackElo "1870"]
[Annotator ""]
[Source ""]
[Remark ""]

1.e4 c5 2.Nf3 d6 3.Bb5+ Nd7 4.d4 cxd4 5.Qxd4 a6 6.Ba4 Ngf6 7.Nc3
g6 8.O-O Bg7 9.h3 O-O 10.Bxd7 Bxd7 11.Qd3 Rc8 12.Be3 b5 13.e5
Bf5 14.Qd2 dxe5 15.Nxe5 Qxd2 16.Bxd2 Bxc2 17.Rac1 Bf5 18.g4 Be6
19.a3 Nd5 20.f4 Nxc3 21.Bxc3 Bb3 22.f5 Bxe5 23.Bxe5 Rfd8 24.Rxc8
Rxc8 25.fxg6 hxg6 26.Rf3 Bd5 27.Re3 f6 28.Bc3 Kf7 29.Kf2 Bc4
30.Kg3 Rd8 31.h4 Rd5 32.Rf3 e5 33.Re3 Ke6 34.Kf2 Rd3 35.Rxd3
Bxd3 36.Ke3 Bb1 37.Bb4 f5 38.gxf5+ gxf5 39.h5 f4+ 40.Kf3 Kf5
41.h6 Kg5 42.Be7+ Kg6 43.h7 1/2-1/2

[Event "FIDE Open"]
[Site "Voronezh"]
[Date "2017.06.18"]
[Round "7.40"]
[White "Kuzmin, Vitaly"]
[Black "Shcherbinin, Nikolay"]
[Result "1-0"]
[WhiteElo "1770"]
[BlackElo "1602"]
[Annotator ""]
[Source ""]
[Remark ""]

1.d4 Nf6 2.Nf3 g6 3.Bf4 Bg7 4.Qc1 O-O 5.Bh6 c5 6.Bxg7 Kxg7 7.e3
d6 8.Be2 Bg4 9.h3 Bd7 10.O-O Nc6 11.Rd1 cxd4 12.Nxd4 Rc8 13.c3
a6 14.b3 Qa5 15.Qb2 Ne4 16.Nxc6 Bxc6 17.c4+ Kg8 18.Bf3 Qf5 19.Qe2
Qf6 20.Rd4 Ng5 21.Bxc6 Rxc6 22.Na3 Ne6 23.Rdd1 Rc5 24.Nc2 Rfc8
25.Ne1 Ng5 26.Nd3 R5c7 27.Nf4 1-0

[Event "FIDE Open"]
[Site "Voronezh"]
[Date "2017.06.18"]
[Round "7.41"]
[White "Romanov, Maksim"]
[Black "Smirnov, Mark A."]
[Result "1/2-1/2"]
[WhiteElo "1452"]
[BlackElo "1762"]
[Annotator ""]
[Source ""]
[Remark ""]

1.d4 Nf6 2.Nf3 e6 3.e3 b6 4.Bd3 Bb7 5.Nbd2 Be7 6.b3 O-O 7.Bb2
d6 8.O-O Nbd7 9.Re1 c5 10.c3 Rc8 11.e4 cxd4 12.cxd4 e5 13.Qe2
exd4 14.Nxd4 Nc5 15.Bb1 Nfd7 16.f4 Bf6 17.N2f3 Re8 18.Nf5 Nxe4
19.Bxe4 Rxe4 20.Qd2 Bxb2 21.Qxb2 Nf6 22.Rxe4 Bxe4 23.N3d4 g6
24.Ng3 d5 25.Qa3 Qc7 26.Nge2 Qc5 27.Qxa7 Ng4 28.Rd1 Bd3 29.b4
Qc4 30.Qd7 Bxe2 31.Nxe2 Ne3 32.Rd3 Qxd3 33.Qxc8+ Kg7 34.Qc3+
Qxc3 35.Nxc3 d4 36.Ne4 f5 37.Nd2 Nd5 38.Nc4 Nxb4 39.a3 b5 40.Nd6
d3 41.Kf1 Nc2 42.Nxb5 Ne3+ 43.Ke1 Nxg2+ 44.Kd2 Nxf4 45.a4 Kf6
46.a5 Nd5 47.Kxd3 Ke5 48.Na3 Nc7 49.Nc4+ Kf4 50.Ke2 Kg4 51.Kf1
Kh3 52.Kg1 h5 53.Ne3 f4 54.Nf1 g5 55.Kh1 g4 56.Kg1 h4 57.Nd2
g3 58.hxg3 hxg3 59.Nf3 Kg4 60.Ne5+ Kf5 61.Nf3 Kg4 62.Ne5+ Kh3
63.Nf3 Na6 64.Ne1 Kg4 65.Kg2 Nc7 66.Nf3 Kf5 1/2-1/2